| 000 | 01116nam a2200325 a 4500 | ||
|---|---|---|---|
| 001 | 000114457 | ||
| 003 | CHAP | ||
| 005 | 20220329144442.0 | ||
| 008 | 180131s2015 mx a |r| ||||||spa d | ||
| 010 | _a110918 | ||
| 011 | _a111890 | ||
| 040 | _cCHAP | ||
| 082 | 0 | 4 |
_a631.584 _bC74 |
| 100 | 1 |
_aContreras Contreras, Esequiel _9134502 |
|
| 245 | 1 | 3 |
_aLa tierra donde deseo vivir : _bmanual para productores y extensionistas rurales / _cpor Esequiel Contreras Contreras. |
| 260 |
_aMéxico, D.F. : _b[Liga de Comunidades Agrarias y Sindicatos Campesinos del Estado de México], _c2015. |
||
| 300 |
_a617 p. : _bil. |
||
| 590 |
_aBATCH-UPD _b05 _c20180131 _lUCH01 _h0911 |
||
| 590 |
_aE5765TAJ _b05 _c20180131 _lUCH01 _h0910 |
||
| 590 |
_aE5765TAJ _b05 _c20180131 _lUCH01 _h0913 |
||
| 650 | 1 | 4 |
_aAgricultura orgánica _xDesarrollo sustentable. _9131904 |
| 650 | 1 | 4 |
_aBotánica médica. _914680 |
| 650 | 1 | 4 |
_aFruticultura. _943684 |
| 650 | 1 | 4 |
_aHorticultura. _956291 |
| 650 | 1 | 4 |
_aHuertos familiares. _956726 |
| 650 | 1 | 4 |
_aOrganización de la comunidad rural. _9134503 |
| 901 | _aBK | ||
| 942 | _cLIBRO | ||
| 942 | _n0 | ||
| 999 |
_c110918 _d110918 |
||